Bạn biết gì về bệnh đường hô hấp ? : Bộ máy hô hấp, các bệnh đường hô hấp và phương pháp phòng trị

Cuốn sách sẽ giới thiệu đến các bạn một số cách phòng tránh, trị liệu... để đẩy lùi các căn bệnh đường hô hấp , đảm bảo cho bạn một sức khỏe dồi dào, một tin thần vui vẻ, giữ mãi được một cuộc sống không bệnh tật, luôn hạnh phú...

Descrición completa

Gardado en:
Detalles Bibliográficos
Formato: Libro
Idioma:Undetermined
Publicado: Hà Nội Văn Hóa Thông Tin 2006
Những chủ đề:
Các nhãn: Engadir etiqueta
Sen Etiquetas, Sexa o primeiro en etiquetar este rexistro!
Thư viện lưu trữ: Trung tâm Học liệu Trường Đại học Cần Thơ
LEADER 01202nam a2200241Ia 4500
001 CTU_112431
008 210402s9999 xx 000 0 und d
020 |c 38000 
082 |a 616.2 
082 |b B105 
245 0 |a Bạn biết gì về bệnh đường hô hấp ? : 
245 0 |b Bộ máy hô hấp, các bệnh đường hô hấp và phương pháp phòng trị 
245 0 |c Biên soạn: Nguyễn Tiến Dũng 
260 |a Hà Nội 
260 |b Văn Hóa Thông Tin 
260 |c 2006 
520 |a Cuốn sách sẽ giới thiệu đến các bạn một số cách phòng tránh, trị liệu... để đẩy lùi các căn bệnh đường hô hấp , đảm bảo cho bạn một sức khỏe dồi dào, một tin thần vui vẻ, giữ mãi được một cuộc sống không bệnh tật, luôn hạnh phúc vì "Có sức khỏe là có tất cả". 
650 |a Respiratory organs,Herbs 
650 |x Diseases,Therapeutic use 
650 |y Treatment 
650 |z Vietnam 
904 |i Minh 
980 |a Trung tâm Học liệu Trường Đại học Cần Thơ